000
00284nam a2200109Ia 4500
008
200302s9999 xx 000 0 und d
100
_a
James Ambrose
245
_a
Building Construction Interior Systems
260
_b
C B S Publishers & Distributors
260
_c
1997
300
_a
153 P.,
999
_c
1864
_d
1864